000 00800nam a2200253 i 4500
003 DO-SdBNP
005 20231006135201.0
007 ta
008 110413s1981 gt ao 000 0 spa d
040 _aDO-SdBNP
_bspa
_cBNPHU
_erda
082 _bC236
_222
100 _984407
110 _936704
245 1 0 _aCapacitación docente a traves de modulos :
_bmodulo basico sistema de instrucción modular /
_cTenaida Camilo, Idelsy Cruz, Teresa Pimentel, Dulce Silva ; ilustrador Segundo Tejada H.
264 _aSanto Domingo :
_bSEEBAC,
_c1981.
300 _a134 páginas ;
_c27 cm.
336 _2rdacontent
_atexto
_btxt
337 _2rdamedia
_asin mediación
_bn
338 _2rdacarrier
_avolumen
_bnc
590 _aInventariado, 2023/ DG
700 _984126
910 _aDG
942 _2ddc
_cLBS1
999 _c55109
_d55109